000 00614nam a22001937a 4500
003 LK-CoMWRAF
008 240106b2000 |||||||| |||| 00| 0 eng d
020 _a9559052845
040 _aLK-CoMWRAF
_dLK-CoMWRAF
_eLK-CoMWRAF
041 _aeng
082 _a305.3
_bWOM
111 _aSeventh National convention on 'Women's studies'
_cColombo
_dMarch 2000
245 _a Gender, ideology, and development in Sri Lanka
260 _aColombo:
_bCentre for Women's Research,
_c 2000
300 _a vii, 134 p. ; 23 cm
650 _aWomen in development -Sri Lanka- Congresses
650 _aWomen's rights
942 _cCP
999 _c4596
_d4596